| 000 | 00434nam a2200157Ia 4500 | ||
|---|---|---|---|
| 008 | 210716s2006 xx 000 0 und d | ||
| 020 | _a9780070583375 | ||
| 041 | _aeng | ||
| 082 | _a658.812 SHAS | ||
| 100 | _aShajahan, S. | ||
| 245 |
_aRelationship marketing: text and cases. _btext and cases. |
||
| 250 | _a1 | ||
| 260 |
_aNew Delhi _bTata McGraw Hill Publishing Company Ltd _c2006 |
||
| 300 | _axviii,310 | ||
| 650 | _aMarketing | ||
| 999 |
_c202165 _d202165 |
||